|
|
|
|
| LEADER |
00000nab#a22000007a#4500 |
| 001 |
arbauad021704 |
| 003 |
AR-BaUAD |
| 005 |
20250711111851.0 |
| 008 |
960910|||||||||###||||||b###|0###a|spa|| |
| 040 |
|
|
|a AR-BaUAD
|c AR-BaUAD
|b spa
|
| 100 |
|
|
|a Trabucco, Francesco
|
| 245 |
|
|
|a L'innovazione reale /
|c Francesco Trabucco; Aldo Faleri; Davide Bruno;
|
| 300 |
0 |
|
|b fot., il., plantas, vistas, corte, axonom.
|
| 500 |
|
|
|a Trabajos realizados por alumnos del curso de diseño industrial de la Facultad de Arquitectura de Milan.
|
| 653 |
|
|
|a ITALIA
|
| 653 |
|
|
|a MILAN
|
| 653 |
|
|
|a PROYECTOS
|
| 653 |
|
|
|a ESTUDIANTES
|
| 653 |
|
|
|a INVERNADEROS
|
| 653 |
|
|
|a COMPUTADORAS
|
| 653 |
|
|
|a MEDIOS DE TRANSPORTE
|
| 653 |
|
|
|a TRANSPORTE AEREO
|
| 653 |
|
|
|a ULTRALIVIANOS
|
| 653 |
|
|
|a TRANSPORTE FERROVIARIO
|
| 653 |
|
|
|a TRENES
|
| 653 |
|
|
|a DISEÑO INDUSTRIAL
|
| 700 |
1 |
|
|a Faleri, Aldo
|
| 700 |
1 |
|
|a Bruno, Davide
|
| 773 |
0 |
|
|t OTTAGONO
|g no. 105 [dic. 1992], p. 87-96
|
| 942 |
|
|
|c ARTI
|
| 952 |
|
|
|0 0
|1 0
|4 0
|7 0
|9 66623
|a AR-BAuAD
|b AR-BAuAD
|d 2025-07-11
|l 0
|p AAQA021704
|r 2025-07-11 11:18:51
|w 2025-07-11
|y ARTI
|
| 990 |
|
|
|a DI199
|b TD
|
| 998 |
|
|
|a AAQ
|b BIBUN76
|
| 999 |
|
|
|c 46296
|d 46296
|